| 000 | 00678cam a22002051 4500 | ||
|---|---|---|---|
| 082 |
_a358.403 _bEMM _cL-30, P-158. |
||
| 100 | 1 |
_aEmme, Eugene Marlock, _948859 |
|
| 245 | 1 | 4 |
_aThe impact of air power; _bnational security and world politics. |
| 260 |
_aPrinceton, N.J., _bVan Nostrand _c[1959] |
||
| 300 |
_axiv, 914 p. _bmaps (1 fold.) diagrs. _c23 cm. |
||
| 526 |
_a0 _b0 _c0 _d358_403000000000000_EMM |
||
| 526 |
_a0 _b0 _c0 _d358_403000000000000_EMM |
||
| 526 |
_a0 _b0 _c0 _d358_403000000000000_EMM |
||
| 650 | 0 |
_aAir power. _948860 |
|
| 650 | 0 |
_aAir warfare. _948635 |
|
| 650 | 0 |
_aMCE _9379 |
|
| 650 | 0 |
_aMilitary policy. _937184 |
|
| 650 | 0 | _aWorld politics. | |
| 942 |
_2ddc _cBK |
||
| 999 |
_c551734 _d551734 |
||